000 00330nam a2200145Ia 4500
008 090124s9999 xx 000 0 und d
082 _b203045
245 _aFOLK TALES OF INDIA
250 _a2
260 _bI.C.R
_c1986
300 _a88
630 _aFOLK TALES OF INDIA
730 _aFOLK TALES OF INDIA
942 _cBOOK
999 _c184626
_d184626